000 00677nam a22002177a 4500
003 BPGM
008 260612m mx o|||gr||||s000 u SPA d
040 _aBPGM
_bspa
041 _aSPA
_hSPA
082 0 4 _2CQ / 320.54 / E52
_aCQ / 320.54 / E52
245 _aEN DEFENSA DE LA NACIÓN
250 _aPRIMERA EDICIÓN
_b1997
260 _aMÉXICO, QUERÉTARO
_bACADEMIA MEXICANA DE HISTORIADORES Y CRONISTAS
_c1997
300 _a231 PÁGINAS;
_b21.2 CM X 14.6 CM
336 _2rdacontent
_atexto
_btxt
337 _2rdamedia
_asin mediación
_bn
338 _2rdacarrier
_avolumen
_bnc
490 0 _aSERIE LOS CONSTITUYENTES DE 1917
650 _aPOLÍTICA
942 _2ddc
_cCONSULTA
999 _c68604
_d68604